00371nam a2200097Ia 4500008004100000245005500041260000900096856007600105999001900181952007300200160531s9999 xx 000 0 und d 4aThe Science and Applications of Microbial Genomics c2013 uhttp://www.ncbi.nlm.nih.gov/books/NBK131809/pdf/Bookshelf_NBK131809.pdf c295389d295389 001040aCLbCLd2016-05-31l0r2016-05-31 00:00:00w2016-05-31yCBE